00335nam a2200145Ia 4500008004100000041000800041082001600049100002400065245001200089260004300101300000900144365001100153563000700164650001800171210707s1977 xx 000 0 und d aeng aH891.3 SAHL aSAHRAYI (Harnamdas) aLohgat. aIlahabad.bLokbharati Prakashan.c1977 a78 p b2cINR aPB aHindi Fiction